00918cam a22002894a 4500999001900000001000900019003000500028005001700033008004100050010001700091015001500108020001800123040001800141042000800159050002200167082001400189100001800203245007000221260003700291300004800328504005300376650002700429700001700456906004500473942001200518952009800530 c328833d32883313727739ASAB20170417162721.0040922s2004 nyua b 001 0 eng  a 2004302550 aGBA3-V3220 a0-393-97430-8 aDLCcDLCdDLC apcc00aQH491b.W558 200400a571.82221 aWilt, Fred H.10aPrinciples of developmental biology /cFred H. Wilt & Sarah Hake. aNew York :bW.W. Norton,cc2004. axxiii, 430 p. :bill. (some col.) ;c29 cm. aIncludes bibliographical references and indexes. 0aDevelopmental biology.1 aHake, Sarah. a7bcbccorigcopd2encipf20gy-gencatlg 2ddccBK 00102ddc40708NFICaCLbCLd2017-04-17l0o571.8 WILpASAB2004r2017-04-17w2017-04-17yBK